Movies Quiz

Random Movies or Clip Quiz

Oscar Winners by Acceptance Speech Quiz Stats

Quiz Updated Mar 23, 2016

Challenge
Share
Tweet
Score 0/22 Timer 10:00
0 Plays Today
# Winner % Correct
3Robin Williams
87.6%
2Jack Nicholson
85.5%
5Sandra Bullock
82%
14Tom Hanks
79.9%
11Jamie Foxx
79.8%
20Halle Berry
68.9%
1Sally Field
68.1%
15Julie Andrews
65.5%
9Charlize Theron
65.3%
12Julia Roberts
61.8%
22Cuba Gooding Jr.
60.3%
# Winner % Correct
16James Cameron
49.7%
10Anthony Hopkins
48.6%
8John Wayne
48%
13Kirk Douglas
47.8%
18Dustin Hoffman
42.4%
19Roberto Benigni
40.8%
7Ron Howard
37.9%
6Jack Palance
34.6%
4Forest Whitaker
32.1%
21Joe Pesci
31.1%
17George Burns
28.4%

You're not logged in!

Compare scores with friends on all Sporcle quizzes.
Sign Up with Email
OR
Log In

You Might Also Like...

Show Comments

Extras

Top Quizzes Today


Score Distribution

Your Account Isn't Verified!

In order to create a playlist on Sporcle, you need to verify the email address you used during registration. Go to your Sporcle Settings to finish the process.